Miasta Białorusi - Mapa. Harady Biełarusi - Mapa - Statystyki

Ogólne statystyki
  • Ten quiz został rozwiązany 86 razy
  • Średni wynik to 20 z 115
Odpowiedzi na mapie
Odpowiedzi zakodowano w zielono-czerwonej skali na mapie do tego quizu, zgodnie z poniższymi procentami.
 
Statystyki odpowiedzi
Odpowiedź / Adkaz % Poprawnych
Brześć / Brest
100%
Mińsk / Minsk
100%
Grodno / Hrodna
93%
Homel / Homel
93%
Witebsk / Viciebsk
82%
Barań / Barań
75%
Baranowicze / Baranavičy
75%
Mohylew / Mahiloŭ
75%
Pińsk / Pinsk
75%
Lida / Lida
61%
Połock / Połack
50%
Borysów / Barysaŭ
46%
Orsza / Orša
46%
Soligorsk / Salihorsk
46%
Bobrujsk / Babrujsk
43%
Kobryń / Kobryn
43%
Mozyrz / Mazyr
43%
Nowopołock / Navapolack
39%
Drohiczyn / Drahičyn
32%
Słuck / Słuck
32%
Mołodeczno / Maładziečna
29%
Nieśwież / Niasviž
29%
Wołkowysk / Vaŭkavysk
29%
Mosty / Masty
25%
Nowogródek / Navagrudak
25%
Słonim / Słonim
25%
Swietłogorsk / Svietłahorsk
25%
Małoryta / Małaryta
21%
Szczuczyn / Ščučyn
21%
Wysokie / Vysokaje
21%
Żabinka / Žabinka
21%
Brasław / Brasłaŭ
18%
Dzierżyńsk / Dziaržynsk
18%
Iwacewicze / Ivacevičy
18%
Kamieniec / Kamianiec
18%
Łuninetów / Łuniniec
18%
Stolin / Stolin
18%
Brzoza / Biaroza
14%
Dawidgródek / Davyd-Haradok
14%
Kosów / Kosava
14%
Prużany / Pružany
14%
Skidel / Skidziel
14%
Świsłocz / Svisłač
14%
Szkłów / Škłoŭ
14%
Wilejka / Vilejka
14%
Żodino / Žodzina
14%
Berezyna / Bierazino
11%
Białooziersk / Biełaaziorsk
11%
Iwje / Iŭje
11%
Lachowicze / Lachavičy
11%
Mścisław / Mscisłaŭ
11%
Osipowicze / Asipavičy
11%
Ostrowiec / Astraviec
11%
Rzerzyca / Rečyca
11%
Smorgoń / Smargoń
11%
Turów / Turaŭ
11%
Wołożyn / Vałožyn
11%
Bychów / Bychaŭ
7%
Czerwień / Červień
7%
Dzisna / Dzisna
7%
Fanipol / Fanipal
7%
Gancewicze / Hancavičy
7%
Iwanowo / Ivanava
7%
Kalinkowicze / Kalinkavičy
7%
Kleck / Kleck
7%
Krzyczew / Kryčaŭ
7%
Łohojsk / Łahojsk
7%
Marina Horka / Marjina Horka
7%
Mikaszewicze / Mikaševičy
7%
Postawy / Pastavy
7%
Smolewicze / Smaliavičy
7%
Stołpce / Stoŭbcy
7%
Zdzięciół / Dziatłava
7%
Żłobin / Žłobin
7%
Berezówka / Biarozaŭka
4%
Chojniki / Chojniki
4%
Dubrowna / Dubroŭna
4%
Głębokie / Hlubokaje
4%
Górki / Horki
4%
Horodek / Haradok
4%
Kostiukowicze / Kasciukavičy
4%
Lubań / Lubań
4%
Oszmiany / Ašmiany
4%
Petryków / Pietrykaŭ
4%
Stare Dorohi / Staryja Darohi
4%
Uzda / Uzda
4%
Zasław / Zasłaŭje
4%
Żytkowicze / Žytkavičy
4%
Białynicze / Białyničy
0%
Buda Koszelewska / Buda-Kašalova
0%
Czaśniki / Čašniki
0%
Czausy / Čavusy
0%
Czeczersk / Čačersk
0%
Czeryków / Čerykaŭ
0%
Dobrusz / Dobruš
0%
Dokszyce / Dokšycy
0%
Jelsk / Jelsk
0%
Kirowsk / Kiraŭsk
0%
Kliczew / Kličaŭ
0%
Klimowicze / Klimavičy
0%
Kopyl / Kapyl
0%
Kruhłe / Kruhlaje
0%
Krupki / Krupki
0%
Lepel / Liepiel
0%
Miadzioł / Miadzieł
0%
Miory / Mijory
0%
Narowla / Naroŭla
0%
Nowołukoml / Novałukomł
0%
Rogaczów / Rahačoŭ
0%
Sienno / Sianno
0%
Sławgorod / Słaŭharad
0%
Tołoczyn / Tałačyn
0%
Wasilewicze / Vasilevičy
0%
Wierchniedźwinsk / Vierchniadzvinsk
0%
Wietka / Vietka
0%
Nie znaleziono quizów pasujących do podanych kryteriów
Rozkład punktacji
Procent ludzi z każdym wynikiem
Percentyl według liczby udzielonych odpowiedzi
Twoja historia wyników
Nie rozwiązałeś tego quizu